000 00900nam a2200229 a 4500
001 BRCA_2947
005 20190320204036.0
008 161208s1887----sp-a---###---#000-0#spa-u
050 4 _aF1211.D9
_b.D97 1887
100 1 _aDuplessis, Paul
_d1815-1865
_98196
245 1 0 _aUn mundo desconocido o viajes contemporáneos por Méjico
_cde Pablo Duplessis ; traducidos por José Leren y Moreno.
260 _aMadrid
_bLa Correspondencia de España
_c1861
300 _a1 v. (en varias paginaciones)
_bil.
_c16 cm.
500 _aB102
505 0 _aLa gemma / Paul Feval ; Cuentos escogidos / de varios autores ; Rolando Piede Hierro / por Paul Feval ; El capitan Espartaco / por Paul Feval.
650 1 4 _aViajeros franceses
_97982
650 1 4 _aLiteratura francesa
_98197
651 4 _aMéxico
_xDescripción y viajes
_9103
700 1 _aLeren y Moreno, José
_etr
_98198
902 _aGFM
942 _2lcc
_cB
999 _c2686
_d2686